Les périodes historiques - Statistiques

Statistiques générales
  • Ce quiz a été pris 184 fois
  • Le résultat moyen est 4 sur 5
Statistiques - réponses
Dates Réponse % Correct
476 ; 1492 Moyen-Âge
96%
-3500 ; 476 Antiquité
95%
... ; -3500 Préhistoire
95%
1492 ; 1789 Les {Temps modernes}
65%
1789 - ... L'{Époque contemporaine}
55%
Aucun quiz correspondant
Distribution des résultats
% des personnes avec chaque résultat
Percentile par nombre de réponses
Votre historique - résultats
Vous n’avez pas pris ce quiz